000
00324nam a2200133Ia 4500
005
20251222140034.0
008
251222s1900||||xx |||||||||||||| ||spa||
082
_a
223.9/A78
100
_a
Artola, Antonio MarĂa
245
0
_a
El Cantar de los Cantares:
250
_a
1ra.ed.
264
_b
Parroquia del Pilar
942
_c
LIB
999
_c
3076
_d
3076